000 00748nam a22001937a 4500
003 OSt
005 20240530132102.0
008 240530b ||||| |||| 00| 0 eng d
040 _cAIMIT LIBRARY
100 _aB T Nitish.
_e2016098
_9168635
245 _aCustomer satisfaction with regarding to services of madovi motors private limited /
_cBy Nitish B T ; Guided by Harinakshi Lohith.
260 _aMangalore ;
_c2022.
650 _aIndustry profile company profile and introduction to study
_9168636
650 _aLiterature review
_9168637
650 _aResearch methodology
_9168638
700 _aLohith, Harinakshi.
_eGuide
_9168639
856 _3Mandovi motors private limited
_uwww.mandovimotors.in
_ywww.mandovimotors.in
942 _2ddc
_cPRO
999 _c230975
_d230975